| 000 | 01061nam a2200325Ia 4500 | ||
|---|---|---|---|
| 001 | 851561925 | ||
| 003 | OCoLC | ||
| 005 | 20180727214630.0 | ||
| 008 | 130703s2012 coua 000 0 spa d | ||
| 020 | _a9780977039180 (hard) | ||
| 020 | _a0977039188 (hard) | ||
| 035 | _a(OCoLC)851561925 | ||
| 040 |
_aSX@ _cSX@ |
||
| 041 | _aspa | ||
| 049 | _aSX@A | ||
| 099 | _aKelley, B. | ||
| 100 | 1 | _aKelley, Brielle. | |
| 245 | 1 | 3 |
_aEl pequeno zorrillo que temia su propio tufillo = _bThe little skunk who was afraid to stink / _cBrielle Kelley ; pictures by Mark Wayne Adams. |
| 246 | 1 | 0 | _aEl pequeno zorrillo que temia su propio tufillo. |
| 246 | 1 | 0 | _aLittle skunk who was afraid to stink |
| 250 | _a2nd ed. | ||
| 260 |
_aFt Collins, CO : _bGrowing Field Books _c2012. |
||
| 300 |
_a29 p. _bcol. ill. ; _c28cm. |
||
| 650 | 0 |
_aSkunks _vJuvenile fiction. |
|
| 650 | 0 | _aSpanish language materials. | |
| 650 | 7 |
_aMateriales en espanol. _2bidex. |
|
| 655 | 7 |
_aZorrillos _vNovela juvenil. _2bidex. |
|
| 700 | 1 |
_aAdams, Mark Wayne, _d1971- _eill. |
|
| 942 | _cBK | ||
| 999 |
_c21102 _d21102 |
||